LEADER 04622nam 22006015 450 001 9910300549903321 005 20251113183341.0 010 $a3-319-97779-2 024 7 $a10.1007/978-3-319-97779-9 035 $a(CKB)4100000006519950 035 $a(MiAaPQ)EBC5510214 035 $a(DE-He213)978-3-319-97779-9 035 $a(PPN)23053919X 035 $a(EXLCZ)994100000006519950 100 $a20180907d2018 u| 0 101 0 $aeng 135 $aurcnu|||||||| 181 $ctxt$2rdacontent 182 $cc$2rdamedia 183 $acr$2rdacarrier 200 10$aProcessing of Polymer-based Nanocomposites $eIntroduction /$fedited by Suprakas Sinha Ray 205 $a1st ed. 2018. 210 1$aCham :$cSpringer International Publishing :$cImprint: Springer,$d2018. 215 $a1 online resource (167 pages) 225 1 $aSpringer Series in Materials Science,$x2196-2812 ;$v277 311 08$a3-319-97778-4 327 $aIntroduction, Vincent Ojijo and Suprakas Sinha Ray -- Synthesis and functionalization of nanomaterials, Neeraj Kumar and Suprakas Sinha Ray -- Nanoclay and nanoclay-containing polymer nanocomposites, Suprakas Sinha Ray and Vincent Ojijo -- Polymer nanocomposites structural and morphological elucidation techniques, Jayita Bandyopadhyay and Suprakas Sinha Ray -- Polymer nanocomposites processing technologies, Suprakas Sinha Ray and Vincent Ojijo -- Impact of melt-processing strategy on structural and mechanical properties: Clay-containing polypropylene nanocomposites, Dimakatso Morajane, Jayita Bandyopadhya, Vincent Ojijo and Suprakas Sinha Ray. 330 $aProcessing of polymer nanocomposites usually requires special attention since the resultant structure?micro- and nano-level, is directly influenced by among other factors, polymer/nano-additive chemistry and the processing strategy. This book consolidates knowledge, from fundamental to product development, on polymer nanocomposites processing with special emphasis on the processing-structure-property-performance relationships in a wide range of polymer nanocomposites. Furthermore, this book focuses on emerging processing technologies such as electrospinning, which has very exciting applications ranging from medical to filtration. Additionally, the important role played by the nanoparticles in polymer blends structures has been illustrated in the current book, with special focus on fundamental aspects and properties of nanoparticles migration and interface crossing in immiscible polymer blend nanocomposites. This book introduces readers to nanomaterials and polymer nanocomposites processing. After defining nanoparticles and polymer nanocomposites and discussing environmental aspects, the second chapter focuses on the synthesis and functionalization of nanomaterials with applications in polymers. A brief overview on nanoclay and nanoclay-containing polymer nanocomposites is provided in third chapter. The fourth chapter provides an overview of the polymer nanocomposites structural elucidation techniques, such as X-ray diffraction and scattering, microscopy and spectroscopy, rheology. The fifth chapter is dedicated to the polymer nanocomposites processing technologies, among which electrospinning, which has very exciting applications ranging from medical to filtration. The last chapter provides an overview on how melt-processing strategy impact structure and mechanical properties of polymer nanocomposites by taking polypropylene-clay nanocomposite as a model system. The book is useful to undergraduate and postgraduatestudents (polymer engineering, materials science & engineering, chemical & process engineering), as well as research & development personnel, engineers, and material scientists. 410 0$aSpringer Series in Materials Science,$x2196-2812 ;$v277 606 $aNanoscience 606 $aPolymers 606 $aNanotechnology 606 $aMicrotechnology 606 $aMicroelectromechanical systems 606 $aNanophysics 606 $aPolymers 606 $aNanotechnology 606 $aMicrosystems and MEMS 615 0$aNanoscience. 615 0$aPolymers. 615 0$aNanotechnology. 615 0$aMicrotechnology. 615 0$aMicroelectromechanical systems. 615 14$aNanophysics. 615 24$aPolymers. 615 24$aNanotechnology. 615 24$aMicrosystems and MEMS. 676 $a620.118 702 $aSinha Ray$b Suprakas$4edt$4http://id.loc.gov/vocabulary/relators/edt 906 $aBOOK 912 $a9910300549903321 996 $aProcessing of Polymer-based Nanocomposites$92514567 997 $aUNINA LEADER 04084nam 22006133 450 001 9910585969303321 005 20251129110033.0 010 $a1-003-72173-7 010 $a963-386-479-8 024 7 $a10.1515/9789633864791 035 $a(CKB)5590000000938153 035 $a(MiAaPQ)EBC29292771 035 $a(Au-PeEL)EBL29292771 035 $a(DE-B1597)633341 035 $a(DE-B1597)9789633864791 035 $a(OCoLC)1343103600 035 $a(MdBmJHUP)musev2_98221 035 $a(ScCtBLL)9fdc21c8-42fd-4c62-99c2-16d9897dc563 035 $a(ODN)ODN0010106267 035 $a(ScCtBLL)4e63aad0-41fe-44c4-a816-234cc66dd1b2 035 $a(EXLCZ)995590000000938153 100 $a20220824d2022 uy 0 101 0 $aeng 135 $aurcnu|||||||| 181 $ctxt$2rdacontent 182 $cc$2rdamedia 183 $acr$2rdacarrier 200 10$aRolling Transitions and the Role of Intellectual $eThe Case of Hungary 205 $a1st ed. 210 $d2022 210 1$aBudapest :$cCentral European University Press,$d2022. 210 4$dİ2022. 215 $a1 online resource (620 pages) 311 08$a963-386-478-X 327 $tFrontmatter --$tContents --$tList of Tables --$tList of Figures --$tAbbreviations --$tAcknowledgments --$tIntroduction. --$tChapter I The Role of Intellectuals: Theories and Interpretive Frameworks --$tChapter II The Political Context: Censorship and Co-optation --$tChapter III Dissident Intellectuals: The Culture of Critical Discourse --$tChapter IV From Moral Principles to Political Action --$tChapter V Regime Change and Elite Change --$tChapter VI Negotiated Revolution: The Strategy of the Opposition --$tChapter VII Intellectuals as Legislators --$tChapter VIII Interpreting Democracy: The New Movement Intellectuals --$tChapter IX Rolling Transition: Rotating Agency --$tConclusion --$tBibliography --$tInterviews with some participants of the transition --$tIndex 330 $a"Utilizing a new and original framework for examining the role of intellectuals in countries transitioning to democracy, Bozo?ki analyses the rise and fall of dissident intellectuals in Hungary in the late 20th century. He shows how that framework is applicable to other countries too as he forensically examines their activities. Bozo?ki argues that the Hungarian intellectuals did not become a 'New Class'. By rolling transition, he means an incremental, non-violent, elite driven political transformation which is based on the rotation of agency, and it results in a new regime. This is led mainly by different groups of intellectuals who do not construct a vanguard movement but create an open network which might transform itself into different political parties. Their roles changed from dissidents to reformers, to movement organizers and negotiators through the periods of dissidence, open network building, roundtable negotiations, parliamentary activities, and new movement politics. Through the prism of political sociology, the author focuses on the following questions: Who were the dissident intellectuals and what did they want? Under what conditions do intellectuals rebel and what are the patterns of their protest? This book will be of interest to students, researchers, and public intellectuals around the world aiming to promote human rights and democracy"--$cProvided by publisher. 517 $aRolling Transition and the Role of Intellectuals 606 $aDemocratization$zHungary 606 $aIntellectuals$zHungary$xHistory$y20th century 606 $aPOLITICAL SCIENCE / History & Theory$2bisacsh 607 $aHungary$xIntellectual life$y20th century 615 0$aDemocratization 615 0$aIntellectuals$xHistory 615 7$aPOLITICAL SCIENCE / History & Theory. 676 $a943.905 686 $aPOL010000$aHIS031000$2bisacsh 700 $aBozo?ki$b Andra?s$00 801 0$bMiAaPQ 801 1$bMiAaPQ 801 2$bMiAaPQ 906 $aBOOK 912 $a9910585969303321 996 $aRolling Transitions and the Role of Intellectual$92905186 997 $aUNINA